| 000 | 01411nam a2200361Ia 4500 | ||
|---|---|---|---|
| 001 | ebr10112898 | ||
| 003 | CaPaEBR | ||
| 006 | m u | ||
| 007 | cr cn||||||||| | ||
| 008 | 030922s2004 mnua sb 001 0 eng d | ||
| 020 | _z0738427527 | ||
| 040 |
_aCaPaEBR _cCaPaEBR |
||
| 035 | _a(OCoLC)369507331 | ||
| 050 | 1 | 4 |
_aQA76.76.O63 _bN489 2004eb |
| 082 | 0 | 4 |
_a005.4/32 _222 |
| 245 | 0 | 0 |
_aNetworking _h[electronic resource] / _cJim Cook ... [et al.]. |
| 250 | _aStudent ed. | ||
| 260 |
_aRochester, MN : _bIBM International Technical Support Organization, _c2004. |
||
| 300 |
_axii, 134 p. : _bill. |
||
| 490 | 1 | _aIBM redbooks | |
| 490 | 0 |
_aManaging OS/400 with operations navigator V5R1 ; _v6 |
|
| 500 | _a"October 2004". | ||
| 504 | _aIncludes bibliographical references and index. | ||
| 533 |
_aElectronic reproduction. _bPalo Alto, Calif. : _cebrary, _d2009. _nAvailable via World Wide Web. _nAccess may be limited to ebrary affiliated libraries. |
||
| 630 | 0 | 0 | _aOS/400. |
| 650 | 0 | _aOperating systems (Computers) | |
| 655 | 7 |
_aElectronic books. _2local |
|
| 700 | 1 |
_aCook, Jim, _d1944- |
|
| 710 | 2 |
_aInternational Business Machines Corporation. _bInternational Technical Support Organization. |
|
| 710 | 2 | _aebrary, Inc. | |
| 830 | 0 | _aIBM redbooks. | |
| 856 | 4 | 0 |
_uhttp://site.ebrary.com/lib/rucke/Doc?id=10112898 _zAn electronic book accessible through the World Wide Web; click to view |
| 999 |
_c210767 _d210767 |
||